[Event "ch-RUS Blitz 2017"]
[Site "Sochi RUS"]
[Date "2017.10.02"]
[Round "3.16"]
[White "Popov, Ivan RUS"]
[Black "Gubsky, Egor"]
[Result "0-1"]
[WhiteTitle "GM"]
[BlackTitle "FM"]
[WhiteElo "2599"]
[BlackElo "2303"]
[WhiteFideId "4170350"]
[BlackFideId "4194055"]
[EventDate "2017.10.02"]
[EventType "blitz"]

1. e4 c5 2. Nf3 Nc6 3. Bb5 e6 4. Bxc6 bxc6 5. b3 Ne7 6. Bb2 f6 7. Nh4 d6 8. f4
e5 9. O-O Be6 10. fxe5 fxe5 11. c3 g6 12. d4 Bg7 13. dxc5 dxc5 14. c4 Bf7 15.
Nf3 Qc7 16. Ng5 O-O 17. Nxf7 Rxf7 18. Rxf7 Kxf7 19. Nd2 Rd8 20. Qe2 Kg8 21. Nf3
Nc8 22. Rd1 Rxd1+ 23. Qxd1 Nb6 24. Ng5 Qe7 25. Qg4 Nd7 26. Qe6+ Qxe6 27. Nxe6
Bf6 28. Bc1 Kf7 29. Ng5+ Bxg5 30. Bxg5 Nf6 31. Bxf6 Kxf6 32. Kf2 Kg5 33. Kf3 Kh4
34. Kf2 Kg4 35. Ke3 h5 36. Ke2 Kf4 37. Kd3 g5 38. a3 0-1

[Event "ch-RUS Blitz 2017"]
[Site "Sochi RUS"]
[Date "2017.10.02"]
[Round "3.17"]
[White "Zakaryan, David"]
[Black "Rakhmanov, Aleksandr"]
[Result "0-1"]
[WhiteTitle "FM"]
[BlackTitle "GM"]
[WhiteElo "2293"]
[BlackElo "2669"]
[WhiteFideId "24101923"]
[BlackFideId "4173708"]
[EventDate "2017.10.02"]
[EventType "blitz"]

1. d4 Nf6 2. Nf3 g6 3. c3 Bg7 4. Bg5 O-O 5. Nbd2 d6 6. e4 Nc6 7. Bb5 a6 8. Bd3
e5 9. O-O Qe8 10. Re1 h6 11. dxe5 hxg5 12. exf6 Bxf6 13. Nc4 g4 14. Nfd2 Ne5 15.
Be2 Nxc4 16. Bxc4 Qe5 17. Nf1 Kg7 18. Qd5 c6 19. Qxe5 dxe5 20. a4 Bd7 21. Red1
Rad8 22. Ne3 Bg5 23. a5 Bc8 24. Kf1 f5 25. Ke1 Rxd1+ 26. Rxd1 Rh8 27. Nf1 Be7
28. b4 Kf6 29. f3 gxf3 30. gxf3 Kg5 31. Kf2 Kf4 32. exf5 gxf5 33. Bb3 e4 34. Bc2
Bf6 35. c4 Bc3 36. Rb1 Bd4+ 37. Ke2 exf3+ 38. Kd3 Rd8 39. b5 Be5# 0-1

[Event "ch-RUS Blitz 2017"]
[Site "Sochi RUS"]
[Date "2017.10.02"]
[Round "3.18"]
[White "Jakovenko, Dmitry"]
[Black "Nazaretyan, Tigran"]
[Result "1-0"]
[WhiteTitle "GM"]
[WhiteElo "2710"]
[BlackElo "2303"]
[WhiteFideId "4122356"]
[BlackFideId "24162345"]
[EventDate "2017.10.02"]
[EventType "blitz"]

1. e4 c5 2. Nf3 Nc6 3. Nc3 d6 4. d4 cxd4 5. Nxd4 Nf6 6. Bg5 e6 7. Qd2 a6 8.
O-O-O Bd7 9. f4 h6 10. Bh4 b5 11. Bxf6 gxf6 12. Kb1 Qb6 13. Nce2 Rc8 14. f5 Qc5
15. fxe6 fxe6 16. Nxc6 Bxc6 17. Nf4 Bxe4 18. Bd3 Bxd3 19. Qxd3 Qf5 20. Nxe6 Qxd3
21. Rxd3 Kf7 22. Nf4 Rc4 23. Rf1 h5 24. Ra3 Rc6 25. Nd5 Bg7 26. Raf3 Rh6 27. Re3
Bf8 28. c3 a5 29. Rf5 Rc5 30. Ref3 Bg7 31. Ne3 Rg6 32. g3 Rg5 33. Rxg5 Rxg5 34.
Kc2 Ke6 35. Ng2 Bh6 36. Nf4+ Kd7 37. Ne2 h4 38. Rxf6 Bg7 39. Rf3 hxg3 40. Rxg3
Rxg3 41. Nxg3 b4 42. Nf5 Be5 43. h4 bxc3 44. bxc3 Ke6 45. Nd4+ Kf6 46. Nc6 Bg3
47. h5 a4 48. Kd3 d5 49. Kd4 Ke6 50. h6 Bh4 51. h7 Bf6+ 52. Kd3 Kd6 53. Nd4 Kc5
54. Nf5 a3 55. Nh6 d4 56. c4 Be5 57. Nf7 Bg7 58. h8=Q 1-0

[Event "ch-RUS Blitz 2017"]
[Site "Sochi RUS"]
[Date "2017.10.02"]
[Round "3.19"]
[White "Savitskiy, Sergey"]
[Black "Alekseenko, Kirill"]
[Result "0-1"]
[WhiteTitle "IM"]
[BlackTitle "GM"]
[WhiteElo "2412"]
[BlackElo "2563"]
[WhiteFideId "24105660"]
[BlackFideId "4135539"]
[EventDate "2017.10.02"]
[EventType "blitz"]

1. e4 c5 2. Nf3 Nc6 3. Bb5 e6 4. O-O Nge7 5. Re1 Nd4 6. Nxd4 cxd4 7. c3 a6 8.
Bf1 Nc6 9. d3 Bc5 10. b4 Ba7 11. Bb2 O-O 12. a3 e5 13. c4 d6 14. g3 b5 15. Nd2
Be6 16. Bg2 Qd7 17. Rc1 Rac8 18. Qe2 Rb8 19. cxb5 Rxb5 20. f4 f6 21. f5 Bf7 22.
Nc4 a5 23. bxa5 Nxa5 24. Nxa5 Rxa5 25. Qd2 Rb5 26. Rc2 Rfb8 27. Rec1 Bc5 28. g4
Rb3 29. h4 Qb5 30. Bf1 Rxb2 0-1

[Event "ch-RUS Blitz 2017"]
[Site "Sochi RUS"]
[Date "2017.10.02"]
[Round "3.20"]
[White "Selin, Vladimir"]
[Black "Sarana, Alexey"]
[Result "0-1"]
[BlackTitle "GM"]
[WhiteElo "2322"]
[BlackElo "2541"]
[WhiteFideId "4168321"]
[BlackFideId "24133795"]
[EventDate "2017.10.02"]
[EventType "blitz"]

1. e4 d6 2. d4 Nf6 3. Nc3 e5 4. Nf3 Nbd7 5. g3 g6 6. Bg2 Bg7 7. O-O O-O 8. Re1
c6 9. a4 a5 10. h3 Re8 11. Kh2 Qc7 12. Be3 Nb6 13. b3 Nbd7 14. Qd2 exd4 15. Nxd4
Nc5 16. Bh6 Bh8 17. Rad1 Bg4 18. hxg4 Nxg4+ 19. Kg1 Bxd4 20. Qxd4 Nxh6 21. Qxd6
Qxd6 22. Rxd6 Rad8 23. Red1 Rxd6 24. Rxd6 Ng4 25. Bh3 h5 26. Rd4 Kg7 27. Bf1 Ne5
28. Kg2 g5 29. f4 gxf4 30. gxf4 Ne6 31. Rd6 Nxf4+ 32. Kg3 Ne6 33. Be2 Rh8 34.
Kh2 h4 35. Nd1 Nf4 36. Rd2 Rg8 37. Ne3 Kh7 38. Kh1 Rg3 39. Nc4 Nxc4 40. Bxc4 Kg6
41. Rd6+ f6 42. Rd7 h3 43. Rxb7 Re3 44. b4 Rxe4 45. Bf1 Re1 46. Kg1 axb4 47.
Rxb4 Rxf1+ 48. Kxf1 h2 49. Rxf4 h1=Q+ 50. Kf2 Qh2+ 51. Ke3 Qxc2 52. Kd4 0-1

[Event "ch-RUS Blitz 2017"]
[Site "Sochi RUS"]
[Date "2017.10.02"]
[Round "3.21"]
[White "Palchun, Grigory"]
[Black "Hasangatin, Ramil"]
[Result "1-0"]
[BlackTitle "GM"]
[WhiteElo "2441"]
[BlackElo "2496"]
[WhiteFideId "24147338"]
[BlackFideId "4122160"]
[EventDate "2017.10.02"]
[EventType "blitz"]

1. d4 Nf6 2. Bf4 c5 3. e3 Nd5 4. Bg3 Qb6 5. Nd2 cxd4 6. e4 Nb4 7. Nc4 Qd8 8. Nf3
d5 9. exd5 Qxd5 10. Be2 N8c6 11. a3 Na6 12. O-O e6 13. Nce5 Nab8 14. Bc4 Qd8 15.
Bb5 Bd7 16. Nxd4 Nxe5 17. Bxe5 Nc6 18. Nxc6 Bxc6 19. Bxc6+ bxc6 20. Qf3 Qd5 21.
Qg3 Rd8 22. h3 f6 23. Bc3 Kf7 24. Rad1 Qxd1 25. Rxd1 Rxd1+ 26. Kh2 Bd6 27. f4 g5
28. Qf3 Rc1 29. g3 Rxc2+ 30. Kh1 Rd8 31. Qh5+ Ke7 32. Qxh7+ 1-0

[Event "ch-RUS Blitz 2017"]
[Site "Sochi RUS"]
[Date "2017.10.02"]
[Round "3.22"]
[White "Demidov, Mikhail"]
[Black "Novikov, Konstantin"]
[Result "1-0"]
[WhiteTitle "IM"]
[WhiteElo "2521"]
[BlackElo "2227"]
[WhiteFideId "4197143"]
[BlackFideId "24163554"]
[EventDate "2017.10.02"]
[EventType "blitz"]

1. d4 Nf6 2. Bg5 d6 3. Bxf6 gxf6 4. e3 e5 5. c3 d5 6. Qh5 Bd6 7. Nf3 Qe7 8. g3
Bd7 9. Bh3 Bxh3 10. Qxh3 Nd7 11. O-O h5 12. Nh4 O-O-O 13. Nd2 Rdg8 14. Rfe1 Kb8
15. e4 Qe6 16. Qf5 c6 17. Rad1 exd4 18. exd5 Qxf5 19. Nxf5 dxc3 20. bxc3 Be5 21.
dxc6 Nc5 22. Nc4 Bxc3 23. Re7 Re8 1-0

[Event "ch-RUS Blitz 2017"]
[Site "Sochi RUS"]
[Date "2017.10.02"]
[Round "3.23"]
[White "Nechaev, Oleg"]
[Black "Levin, Evgeny A."]
[Result "0-1"]
[WhiteTitle "FM"]
[BlackTitle "GM"]
[WhiteElo "2410"]
[BlackElo "2532"]
[WhiteFideId "24113409"]
[BlackFideId "4182596"]
[EventDate "2017.10.02"]
[EventType "blitz"]

1. c4 g6 2. Nc3 Bg7 3. e4 d6 4. g3 c5 5. Bg2 Nc6 6. Nge2 e6 7. d3 Nge7 8. O-O
O-O 9. Rb1 Rb8 10. a3 b6 11. Be3 Nd4 12. b4 Nec6 13. Qd2 Bb7 14. Bh6 Qd7 15.
Bxg7 Kxg7 16. Nxd4 Nxd4 17. Ne2 e5 18. f4 f6 19. Nxd4 cxd4 20. Rfc1 Rbc8 21. Rf1
b5 22. fxe5 fxe5 23. cxb5 Qxb5 24. Bh3 Rce8 25. Rbc1 Qb6 26. a4 Qd8 27. b5 d5
28. exd5 Qxd5 29. Bg2 Qd7 30. Bxb7 Qxb7 31. Qg2 Qe7 32. Qd5 Rd8 33. Qc5 Rxf1+
34. Kxf1 Rf8+ 35. Kg2 Qf6 36. Qc7+ Rf7 37. Qc6 Qf2+ 38. Kh1 Qe2 39. Qe4 Rf1+ 0-1

[Event "ch-RUS Blitz 2017"]
[Site "Sochi RUS"]
[Date "2017.10.02"]
[Round "3.24"]
[White "Yuffa, Daniil"]
[Black "Domogaev, Sergey"]
[Result "1-0"]
[WhiteTitle "GM"]
[BlackTitle "GM"]
[WhiteElo "2527"]
[BlackElo "2408"]
[WhiteFideId "24131423"]
[BlackFideId "24103608"]
[EventDate "2017.10.02"]
[EventType "blitz"]

1. d4 Nf6 2. c4 g6 3. Nc3 d5 4. Bf4 c6 5. e3 Bg7 6. Nf3 O-O 7. Bd3 Nbd7 8. O-O
Nh5 9. Bg5 h6 10. Bh4 g5 11. Nd2 Nhf6 12. Bg3 dxc4 13. Nxc4 Nd5 14. Rc1 Nxc3 15.
bxc3 e5 16. Bf5 exd4 17. cxd4 Nf6 18. Nd6 Bxf5 19. Nxf5 Ne4 20. Qg4 Nxg3 21.
hxg3 Re8 22. Qf3 Qd7 23. g4 Re6 24. g3 Rc8 25. Kg2 Rd8 26. Rc5 b6 27. Rc2 Qd5
28. Qxd5 Rxd5 29. Rxc6 Rxc6 30. Ne7+ Kf8 31. Nxc6 a6 32. Rb1 b5 33. a4 Ke8 34.
Nb4 Rd6 35. axb5 axb5 36. Kf3 Bf8 37. Ke2 Rd7 38. Kd3 Ra7 39. Nd5 Ra3+ 40. Ke4
Ra2 41. Rxb5 Bd6 42. f4 Rg2 43. Kf3 Ra2 44. Nf6+ Kd8 45. Ne4 Bc7 46. fxg5 hxg5
47. Rxg5 Ra1 48. Rf5 Ke7 49. Nc3 Bd6 50. Nd5+ Ke6 51. Ke4 Rg1 52. Rf6+ Kd7 53.
Rxf7+ Ke8 54. Rf3 Bxg3 55. Kf5 Bh4 56. Nf4 Kd7 57. e4 Re1 58. e5 Be7 59. d5 Bc5
60. Nd3 1-0

[Event "ch-RUS Blitz 2017"]
[Site "Sochi RUS"]
[Date "2017.10.02"]
[Round "3.25"]
[White "Tsydypov, Zhamsaran"]
[Black "Slavin, Alexey"]
[Result "1-0"]
[WhiteTitle "IM"]
[BlackTitle "IM"]
[WhiteElo "2529"]
[BlackElo "2364"]
[WhiteFideId "4108566"]
[BlackFideId "24104388"]
[EventDate "2017.10.02"]
[EventType "blitz"]

1. e4 c5 2. Nf3 g6 3. h4 h6 4. c3 Bg7 5. d4 cxd4 6. cxd4 d5 7. exd5 Qxd5 8. Nc3
Qd8 9. h5 g5 10. Bc4 Nc6 11. d5 Ne5 12. Nxe5 Bxe5 13. Qe2 Bd6 14. Ne4 Bb4+ 15.
Kf1 Kf8 16. Be3 Nf6 17. Bd4 Bf5 18. Ng3 Bh7 19. a3 Bd6 20. Rh3 Rc8 21. Bb3 Bc5
22. Bc3 Rg8 23. Rd1 Qd7 24. Bc2 Bxc2 25. Qxc2 Nxd5 26. Nf5 Qb5+ 27. Kg1 Nf4 28.
Rf3 Qc6 29. Qd2 Bb6 30. Bb4 Re8 31. Re1 Nd5 32. Nxh6 Qxh6 33. Qxd5 1-0

[Event "ch-RUS Blitz 2017"]
[Site "Sochi RUS"]
[Date "2017.10.02"]
[Round "3.26"]
[White "Murzin, Volodar"]
[Black "Novikov, Maxim"]
[Result "1-0"]
[WhiteTitle "FM"]
[BlackTitle "GM"]
[WhiteElo "2280"]
[BlackElo "2501"]
[WhiteFideId "44155573"]
[BlackFideId "4161289"]
[EventDate "2017.10.02"]
[EventType "blitz"]

1. e4 d6 2. d4 Nf6 3. Nc3 e5 4. dxe5 dxe5 5. Qxd8+ Kxd8 6. Bg5 c6 7. Bc4 Ke8 8.
Nf3 Nbd7 9. O-O-O Bc5 10. Rhf1 Bb6 11. h3 Bc7 12. Bb3 h6 13. Bh4 Nf8 14. Bxf6
gxf6 15. Nh4 Be6 16. Nf5 Bxf5 17. exf5 Rd8 18. Ne4 Rxd1+ 19. Rxd1 Ke7 20. h4 Rg8
21. g3 Rg4 22. f3 Rg7 23. g4 Nd7 24. c3 b5 25. Bc2 Rg8 26. Rxd7+ 1-0

[Event "ch-RUS Blitz 2017"]
[Site "Sochi RUS"]
[Date "2017.10.02"]
[Round "3.27"]
[White "Kezin, Roman"]
[Black "Gabdushev, Ruslan"]
[Result "1-0"]
[WhiteTitle "FM"]
[BlackTitle "FM"]
[WhiteElo "2455"]
[BlackElo "2292"]
[WhiteFideId "24124621"]
[BlackFideId "4137833"]
[EventDate "2017.10.02"]
[EventType "blitz"]

1. d4 Nc6 2. Nf3 d6 3. d5 Ne5 4. Nxe5 dxe5 5. e4 Nf6 6. Nc3 g6 7. Bc4 Bg7 8. O-O
O-O 9. Be3 Ne8 10. Bd3 Nd6 11. Na4 Qe8 12. c4 b6 13. c5 bxc5 14. Nxc5 Rb8 15.
Qd2 f5 16. f3 e6 17. dxe6 Bxe6 18. Nxe6 Qxe6 19. Bxa7 Ra8 20. Qe3 Bh6 21. Qxh6
Rxa7 22. exf5 Nxf5 23. Qc1 Qb6+ 24. Kh1 Nd4 25. Re1 Ra5 26. b3 Kg7 27. Bc4 Rfa8
28. Qd2 Qd6 29. a4 Rc5 30. Re3 Nf5 31. Qxd6 cxd6 32. Ree1 Nd4 33. Rab1 Rb8 34.
Rec1 Kf6 35. b4 Rc7 36. Bd3 Rcb7 37. b5 Ra7 38. Rb4 Rba8 39. Ra1 Ke6 40. b6 Rb7
41. a5 d5 42. a6 Rbb8 43. a7 Nc6 44. Rbb1 Nxa7 45. bxa7 Rxb1+ 46. Bxb1 Kd6 47.
Bc2 Kc5 48. h3 Kb6 49. Kg1 Rxa7 50. Rxa7 Kxa7 51. Bb3 d4 52. Kf2 Kb6 53. Ke2 Kc5
54. Kd3 1-0

[Event "ch-RUS Blitz 2017"]
[Site "Sochi RUS"]
[Date "2017.10.02"]
[Round "3.28"]
[White "Potkin, Vladimir"]
[Black "Bagdasarian, Semen"]
[Result "1-0"]
[WhiteTitle "GM"]
[WhiteElo "2574"]
[BlackElo "1898"]
[WhiteFideId "4131061"]
[BlackFideId "4101049"]
[EventDate "2017.10.02"]
[EventType "blitz"]

1. d4 Nf6 2. c4 g6 3. Nc3 d5 4. cxd5 Nxd5 5. g3 Bg7 6. Bg2 c6 7. Nf3 O-O 8. O-O
Na6 9. e4 Nxc3 10. bxc3 c5 11. Rb1 cxd4 12. cxd4 b6 13. Be3 Bb7 14. d5 Rc8 15.
Qa4 Qe8 16. Qa3 Qd7 17. Nd4 e6 18. Nc6 exd5 19. Ne7+ Kh8 20. Nxc8 Rxc8 21. exd5
Rc3 22. Rb3 Rc8 23. Rd1 Bf8 24. Qb2+ Bg7 25. Bd4 f5 26. Re3 Nc5 27. d6 Bxg2 28.
Kxg2 Ne4 29. Bxg7+ Qxg7 30. Qxg7+ Kxg7 31. f3 1-0

[Event "ch-RUS Blitz 2017"]
[Site "Sochi RUS"]
[Date "2017.10.02"]
[Round "4.1"]
[White "Andreikin, Dmitry"]
[Black "Kryakvin, Dmitry"]
[Result "1-0"]
[WhiteTitle "GM"]
[BlackTitle "GM"]
[WhiteElo "2708"]
[BlackElo "2583"]
[WhiteFideId "4158814"]
[BlackFideId "4153278"]
[EventDate "2017.10.02"]
[EventType "blitz"]

1. d4 d5 2. c4 c6 3. cxd5 cxd5 4. Nc3 Nf6 5. Bf4 Qb6 6. e3 Nc6 7. a3 Bf5 8. Na4
Qd8 9. Nf3 e6 10. Be2 Be7 11. O-O O-O 12. h3 Ne4 13. b4 Rc8 14. Nd2 Bd6 15. Nxe4
Bxf4 16. Nec5 Bb8 17. Rc1 Qe7 18. Qd2 Rfd8 19. b5 b6 20. bxc6 bxc5 21. Rxc5 Bd6
22. Rc3 Bxa3 23. Qa2 Bb4 24. Rcc1 Rc7 25. Ba6 h6 26. Bb7 Bd3 27. Rfd1 Bb5 28.
Nc3 Bc4 29. Qa4 a5 30. Nb5 Rxb7 31. cxb7 Qxb7 32. Nc3 Qe7 33. Na2 h5 34. Rb1 Rb8
35. Rb2 Rb7 36. Rdb1 Bxa2 37. Rxa2 Rc7 38. Rc2 Rxc2 39. Qxc2 g6 40. Rc1 Kg7 41.
Qc6 Qf6 42. Qc7 Qf5 43. h4 Qf6 44. g3 Qf5 45. Qb8 Qf6 46. Rc8 Kh7 47. Kg2 Be1
48. Qf4 Qxf4 49. gxf4 Kg7 50. Ra8 Kf6 51. Ra7 Kg7 52. Kf1 Bb4 53. Ke2 Kf8 54. f3
Be7 55. Rxa5 Bxh4 56. e4 dxe4 57. fxe4 Bg3 58. Kf3 Be1 59. Ra7 Bb4 60. f5 gxf5
61. exf5 exf5 62. Kf4 h4 63. Kxf5 Be7 64. Kg4 Ke8 65. d5 Kd8 66. Rb7 Ke8 67. Rb6
Kd7 68. Rh6 Bd8 69. Kf5 Be7 70. Ke5 Bd8 71. d6 Bg5 72. Rh7 Ke8 73. Kd5 Bf6 74.
Kc6 Kf8 75. Rh6 Bg5 76. Rh5 Bf6 77. d7 Ke7 78. Rh6 Bg5 79. Rh5 Bf6 80. Rf5 1-0

[Event "ch-RUS Blitz 2017"]
[Site "Sochi RUS"]
[Date "2017.10.02"]
[Round "4.2"]
[White "Belyakov, Bogdan"]
[Black "Dubov, Daniil"]
[Result "1-0"]
[WhiteTitle "IM"]
[BlackTitle "GM"]
[WhiteElo "2486"]
[BlackElo "2666"]
[WhiteFideId "24104795"]
[BlackFideId "24126055"]
[EventDate "2017.10.02"]
[EventType "blitz"]

1. e4 c5 2. c3 e5 3. Nf3 Nc6 4. Bc4 Nf6 5. Ng5 d5 6. exd5 Nxd5 7. d4 cxd4 8. O-O
Be7 9. Nxf7 Kxf7 10. Qf3+ Ke6 11. Re1 b5 12. Bb3 Bb7 13. Qe4 Na5 14. Qxe5+ Kf7
15. Qe6+ Kf8 16. Bc2 Qd6 17. Qh3 Bf6 18. cxd4 Re8 19. Rxe8+ Kxe8 20. Nc3 Nxc3
21. bxc3 Kd8 22. Qg4 Re8 23. Bf4 Qd5 24. Qg3 Nc4 25. h3 Bc6 26. a4 bxa4 27. Bxa4
Bxa4 28. Rxa4 Re7 29. Bb8 a5 30. Qd3 Nb6 31. Ra1 Rb7 32. Bg3 a4 33. Qa6 Kc8 34.
Rb1 Bd8 35. Rb5 Qe4 36. Rc5+ Kd7 37. Qb5+ Ke6 38. Re5+ Qxe5 39. Qxe5+ Kd7 40. d5
Kc8 41. Qe6+ Rd7 42. Qc6+ Bc7 43. d6 a3 44. dxc7 a2 45. Qxb6 a1=Q+ 46. Kh2 1-0

[Event "ch-RUS Blitz 2017"]
[Site "Sochi RUS"]
[Date "2017.10.02"]
[Round "4.3"]
[White "Artemiev, Vladislav"]
[Black "Dzhumagaliev, Yan"]
[Result "1-0"]
[WhiteTitle "GM"]
[BlackTitle "FM"]
[WhiteElo "2692"]
[BlackElo "2400"]
[WhiteFideId "24101605"]
[BlackFideId "24100110"]
[EventDate "2017.10.02"]
[EventType "blitz"]

1. d4 Nf6 2. Bg5 Ne4 3. h4 c5 4. dxc5 Nxc5 5. Nc3 h6 6. Bf4 d6 7. e4 Nc6 8. Qd2
Be6 9. Nf3 g6 10. Nd4 Bg7 11. Be3 Bd7 12. f3 Rc8 13. O-O-O Qa5 14. Kb1 a6 15. a3
Na4 16. Nd5 Qxd2 17. Rxd2 e6 18. Nb4 Nxb4 19. axb4 Ke7 20. Be2 b5 21. c3 Rhd8
22. Rc1 f5 23. exf5 gxf5 24. Bd1 f4 25. Bf2 e5 26. Nb3 Bf5+ 27. Bc2 Bxc2+ 28.
Kxc2 d5 29. Re1 Kf7 30. Kb1 Bf6 31. g3 fxg3 32. Bxg3 Nb6 33. Nc5 Nc4 34. Rdd1
Bg7 35. Nb7 Rd7 36. Nc5 Rd6 37. f4 e4 38. f5 Rdd8 39. Ne6 Rd7 40. Rxe4 Bf6 41.
Re2 Rg8 42. Bf4 Rg4 43. Bxh6 Rxh4 44. Bg5 Rg4 45. Bxf6 Kxf6 46. Nd4 Kf7 47. Rh1
Kg7 48. Rf2 Rf7 49. Re1 Rf6 50. Re7+ Kh6 51. Rh2+ Kg5 52. Rg7+ Kf4 53. Rf2+ Kg3
54. Rg2+ Kxg2 55. Rxg4+ Kf2 56. Rg6 Rf8 57. Rxa6 Rh8 58. Re6 Rh1+ 59. Ka2 Kg3
60. f6 Rf1 61. Re2 Rxf6 62. Nxb5 Ra6+ 63. Kb3 Kf4 64. Nc7 Rc6 65. Nxd5+ Kf3 66.
Re8 Nd2+ 67. Kc2 Ne4 68. Rf8+ Ke2 69. Re8 Kf3 70. b5 Rc5 71. b6 Rxd5 72. b7 Rd2+
73. Kc1 1-0

[Event "ch-RUS Blitz 2017"]
[Site "Sochi RUS"]
[Date "2017.10.02"]
[Round "4.4"]
[White "Sharafiev, Azat"]
[Black "Tomashevsky, Evgeny"]
[Result "1-0"]
[WhiteTitle "IM"]
[BlackTitle "GM"]
[WhiteElo "2433"]
[BlackElo "2710"]
[WhiteFideId "4186214"]
[BlackFideId "4147235"]
[EventDate "2017.10.02"]
[EventType "blitz"]

1. Nf3 d5 2. g3 c6 3. Bg2 Bg4 4. c4 e6 5. cxd5 exd5 6. Qb3 Qb6 7. Qc2 Nf6 8. O-O
Be7 9. d3 Nbd7 10. e4 O-O 11. Be3 Qa5 12. Nc3 dxe4 13. dxe4 Bxf3 14. Bxf3 Ne5
15. Bg2 Nc4 16. Bf4 Rad8 17. Rad1 Bb4 18. Bc1 Ng4 19. Qe2 Bxc3 20. bxc3 Nge5 21.
f4 Qc5+ 22. Kh1 Ng6 23. e5 Ne7 24. Rde1 Nd5 25. f5 Nxc3 26. Qc2 Nxe5 27. Re3 Na4
28. Qxc5 Nxc5 29. Rxe5 Nd3 30. Re7 Rfe8 31. Rxb7 Re2 32. Rxa7 h5 33. Bf3 Nxc1
34. Rxc1 Rf2 35. Bxc6 Rdd2 36. a4 Rxh2+ 37. Kg1 Rhe2 38. Bf3 Re3 39. Rf1 Rdd3
40. Kg2 Kh7 41. Rxf7 Kh6 42. a5 Ra3 43. Ra7 Re5 44. a6 Rxf5 45. Ra8 Ra2+ 46. Rf2
Ra3 47. Bb7 Rfa5 48. Rd8 Rc3 49. Rd6+ g6 50. Rdd2 Raa3 51. Ra2 Rxg3+ 52. Kf1 1-0

[Event "ch-RUS Blitz 2017"]
[Site "Sochi RUS"]
[Date "2017.10.02"]
[Round "4.5"]
[White "Potapov, Pavel"]
[Black "Pridorozhni, Aleksei"]
[Result "1/2-1/2"]
[WhiteTitle "GM"]
[BlackTitle "GM"]
[WhiteElo "2479"]
[BlackElo "2565"]
[WhiteFideId "4169786"]
[BlackFideId "4127870"]
[EventDate "2017.10.02"]
[EventType "blitz"]

1. e4 e6 2. Nf3 d5 3. Nc3 dxe4 4. Nxe4 Nd7 5. d4 Ngf6 6. Nxf6+ Nxf6 7. Bd3 c5 8.
O-O cxd4 9. Nxd4 a6 10. c3 Be7 11. Bf4 O-O 12. Re1 Nd5 13. Bg3 Bf6 14. Bc2 Qb6
15. Bb3 Rd8 16. Qf3 Bd7 17. Rad1 Bc6 18. Nxc6 bxc6 19. h4 a5 20. Qg4 Ne7 21. h5
Rxd1 22. Rxd1 Nf5 23. Rd2 Nxg3 24. Qxg3 Qc5 25. Qg4 h6 26. Bc2 Kf8 27. Qe4 Rd8
28. Rxd8+ Bxd8 29. Ba4 Bb6 30. Qf3 Qe5 31. Qxc6 Qe1+ 32. Kh2 Qe5+ 33. Kg1 Qe1+
34. Kh2 Qe5+ 35. Kg1 1/2-1/2

[Event "ch-RUS Blitz 2017"]
[Site "Sochi RUS"]
[Date "2017.10.02"]
[Round "4.6"]
[White "Kozak, Alexander"]
[Black "Fedoseev, Vladimir3"]
[Result "0-1"]
[WhiteTitle "FM"]
[BlackTitle "GM"]
[WhiteElo "2315"]
[BlackElo "2731"]
[WhiteFideId "4135881"]
[BlackFideId "24130737"]
[EventDate "2017.10.02"]
[EventType "blitz"]

1. e4 b6 2. d4 Bb7 3. Bd3 e6 4. f4 c5 5. c3 cxd4 6. cxd4 Nf6 7. Nc3 Bb4 8. Qe2
d5 9. e5 Ne4 10. Bd2 Bxc3 11. bxc3 Qc8 12. Rc1 Ba6 13. c4 Nxd2 14. Kxd2 dxc4 15.
Bxc4 Bxc4 16. Qxc4 Qxc4 17. Rxc4 Nd7 18. Nf3 b5 19. Rc7 Nb6 20. g3 O-O 21. Rhc1
Nd5 22. Rb7 b4 23. Kd3 a5 24. Rc5 a4 25. Rxd5 exd5 26. Rxb4 Rfb8 27. Kc3 Rc8+
28. Kb2 a3+ 29. Kb3 Rc1 30. Nd2 Rd1 31. Kc2 Rh1 32. Kd3 Ra1 33. Rb5 Rxa2 0-1

[Event "ch-RUS Blitz 2017"]
[Site "Sochi RUS"]
[Date "2017.10.02"]
[Round "4.7"]
[White "Bocharov, Dmitry"]
[Black "Usmanov, Vasily"]
[Result "1/2-1/2"]
[WhiteTitle "GM"]
[BlackTitle "IM"]
[WhiteElo "2585"]
[BlackElo "2459"]
[WhiteFideId "4138716"]
[BlackFideId "4135741"]
[EventDate "2017.10.02"]
[EventType "blitz"]

1. d4 Nf6 2. c4 e6 3. Nf3 Bb4+ 4. Nbd2 O-O 5. g3 d5 6. Bg2 b6 7. O-O Bb7 8. Ne5
Nfd7 9. Nd3 Be7 10. b3 c5 11. Bb2 cxd4 12. cxd5 Bxd5 13. Bxd5 exd5 14. Nf3 Nc6
15. Nxd4 Nxd4 16. Bxd4 Bf6 17. Nf4 Bxd4 18. Qxd4 Nf6 19. Rfd1 Rc8 20. Nxd5 Nxd5
21. Qxd5 Qxd5 22. Rxd5 Rc2 23. e3 Rfc8 24. Rd7 a5 25. Rb7 h6 26. Rxb6 Rb2 27. a4
Rcc2 28. Rf1 g6 29. Rb5 Kg7 30. h4 h5 31. Rxa5 Rxb3 32. Rd5 Ra3 33. Rd4 Rca2 34.
Rfd1 Rxa4 35. Kg2 Ra6 36. Rf4 Rf6 37. Kf3 Rxf4+ 38. gxf4 f5 39. Re1 Kf6 40. Re2
Ra1 41. Rb2 Ra6 42. Kg3 Re6 43. Rb3 Kg7 44. f3 Kf6 45. Kf2 Kg7 46. Rb4 Rf6 47.
Rb7+ Kg8 48. Ke2 Ra6 49. e4 Ra2+ 50. Ke3 Ra3+ 51. Kf2 fxe4 52. fxe4 Rh3 53. e5
Rxh4 54. Kf3 Rh1 55. Ke4 h4 56. e6 h3 57. Ke5 h2 58. Kf6 Re1 59. Rb8+ Kh7 60.
Rb7+ Kg8 61. Rb8+ Kh7 62. Rb7+ Kh6 63. Rb8 Kh7 64. Rb7+ Kg8 1/2-1/2

[Event "ch-RUS Blitz 2017"]
[Site "Sochi RUS"]
[Date "2017.10.02"]
[Round "4.8"]
[White "Gochelashvili, David"]
[Black "Morozevich, Alexander"]
[Result "0-1"]
[WhiteTitle "IM"]
[BlackTitle "GM"]
[WhiteElo "2432"]
[BlackElo "2676"]
[WhiteFideId "4161203"]
[BlackFideId "4116992"]
[EventDate "2017.10.02"]
[EventType "blitz"]

1. Nf3 d5 2. d4 Bf5 3. Bf4 e6 4. e3 Bd6 5. Bg3 Nf6 6. Nbd2 O-O 7. Ne5 Nbd7 8.
Bd3 Bxe5 9. dxe5 Ng4 10. Bxf5 exf5 11. Nf3 Qe7 12. Qxd5 Nc5 13. h3 Nxe3 14. fxe3
Ne4 15. Bh4 g5 16. Bf2 Qb4+ 17. Ke2 Rad8 18. a3 Qxb2 19. Qb3 Nc3+ 20. Kf1 Qxa1+
21. Be1 Ne4 22. g4 Ng3+ 23. Kg2 Nxh1 24. Bc3 Qd1 25. Qc4 fxg4 26. hxg4 Qxc2+ 27.
Kh3 0-1

[Event "ch-RUS Blitz 2017"]
[Site "Sochi RUS"]
[Date "2017.10.02"]
[Round "4.9"]
[White "Sjugirov, Sanan"]
[Black "Korchmar, Vasiliy"]
[Result "1-0"]
[WhiteTitle "GM"]
[BlackTitle "IM"]
[WhiteElo "2650"]
[BlackElo "2399"]
[WhiteFideId "4189302"]
[BlackFideId "24131750"]
[EventDate "2017.10.02"]
[EventType "blitz"]

1. d4 Nf6 2. Nf3 d5 3. Bg5 c5 4. e3 Nc6 5. Nbd2 cxd4 6. exd4 Qb6 7. c4 Nxd4 8.
cxd5 Nxf3+ 9. Qxf3 Qxb2 10. Rb1 Qe5+ 11. Be3 Qxd5 12. Bb5+ Bd7 13. Bxd7+ Qxd7
14. Rxb7 Qd5 15. O-O e6 16. Rfb1 Bd6 17. Qxd5 exd5 18. Bxa7 O-O 19. a4 Bf4 20.
Nf3 Ne4 21. a5 Nd6 22. Rd7 Rfd8 23. Rxd8+ Rxd8 24. g3 Bh6 25. a6 Nc4 26. Bd4 1-0